000 00237 a2200097 4500
001 14360
100 _aToynbee, A.J
245 _aHellensim, the history of a civilization
260 _aLondon
_bOxford univ press
_c
090 _c11259
_d11259
942 _aNUST-CAE
_cM
_c1402
999 _c249433
_d249433